000 00274nam a2200097Ia 4500
082 _a658.16 CARR
245 0 _aCrashproof your business
100 _a CARRUTHERS, Peter Valyland, South Africa, 2004
_975189
942 _cBK
008 210817s9999 xx 000 0 und d
999 _c248530
_d248529